01305nam a2200217za 4500999001500000020001800015022001500033050001700048100002100065245016300086260005200249300002700301440003500328500001900363505044200382650006400824650004300888650003800931942000700969952011100976 c6659d6659 a9780521484671 a0521484677 aPE1128b.B12 aBachman Lyle F.  aAn investigation into the comparability of two tests of English as a foreign languagecLyle F. Bachman [and others] ; with an introduction by Bernard Spolsky. aCambridge : bCambridge University Press:c1995 axv, 228 pages :c24 cm aStudies in language testing, 1 aIncludes index aIntroduction: A not-too-special relationship -- Chapter 1 Overview of the study -- Chapter 2 Study procedures and sample characteristics -- Chapter 3 Reliability of the two test batteries -- Chapter 4 Comparability of abilities measured -- Chapter 5 Effect of test preparation on test performance -- Chapter 6 Interchangeability of FCE and ETS test scores -- Chapter 7 Test content analysis -- Chapter 8 Implications and recommendations. aEnglish language -- Study and teaching -- Foreign speakers. aTest of English as a Foreign Language. aEnglish language -- Examinations. cBK 001040708REFaMUCGMbMUCGMcGENd1999-12-07l0oPE1128 .B12p17699r2019-11-07 00:00:00w2019-11-07yBK